|
|
|
|
| LEADER |
00000nam a2200000Ii 4500 |
| 001 |
DIGFCE0202 |
| 003 |
NyNyDIG |
| 007 |
cr ||||||||||| |
| 008 |
220217t20102004mx ob 000 0 spa d |
| 006 |
m o d |
| 035 |
|
|
|a (OCoLC)953822493
|
| 040 |
|
|
|a DGITA
|b eng
|e rda
|e pn
|c DGITA
|
| 020 |
|
|
|a 9786071605030
|q eBook
|
| 041 |
1 |
|
|a spa
|h ger
|
| 050 |
1 |
4 |
|a HM24 ebook
|
| 082 |
1 |
4 |
|a 301
|
| 100 |
1 |
|
|a Mannheim, Karl,
|d 1893-1947,
|e author.
|
| 240 |
1 |
0 |
|a Ideologie und Utopie.
|l Spanish
|s (Echavarría)
|
| 245 |
1 |
0 |
|a Ideología y utopía :
|b introducción a la sociología del conocimiento /
|c Karl Mannheim ; estudio preliminar de Louis Wirth ; traducción de Salvador Echavarría.
|
| 250 |
|
|
|a Primera edición electrónica.
|
| 264 |
|
1 |
|a México, D.F. :
|b Fondo de Cultura Económica,
|c 2010.
|
| 264 |
|
4 |
|c ©2004
|
| 300 |
|
|
|a 1 online resource.
|
| 336 |
|
|
|a text
|b txt
|2 rdacontent
|
| 337 |
|
|
|a computer
|b c
|2 rdamedia
|
| 338 |
|
|
|a online resource
|b cr
|2 rdacarrier
|
| 347 |
|
|
|a text file
|2 rdaft
|
| 347 |
|
|
|b EPUB
|
| 490 |
1 |
|
|a Fondo de Cultura Económica 70 años
|
| 504 |
|
|
|a Includes bibliographical references.
|
| 588 |
0 |
|
|a Online resource; title from ePub title page (Digitalia, viewed February 17, 2021)
|
| 650 |
|
0 |
|a Knowledge, Sociology of.
|
| 650 |
|
0 |
|a Sociology
|x Methodology.
|
| 650 |
|
0 |
|a Ideology.
|
| 650 |
|
0 |
|a Utopias.
|
| 655 |
|
0 |
|a Electronic books.
|
| 700 |
1 |
|
|a Wirth, Louis,
|d 1897-1952,
|e contributor agent of text.
|
| 700 |
1 |
|
|a Echavarría, Salvador,
|e translator.
|
| 700 |
1 |
|
|i Translation of:
|a Mannheim, Karl,
|d 1893-1947.
|t Ideologie und Utopie.
|
| 791 |
2 |
|
|a Digitalia (Firm),
|e distributor.
|
| 793 |
0 |
|
|g Digitalia eBook Collection:
|a Fondo de Cultura Económica
|
| 830 |
|
0 |
|a Colección Conmemorativa 70 aniversario.
|
| 856 |
4 |
0 |
|u https://digitalia.uam.elogim.com/a/43005/
|z Texto completo
|
| 910 |
|
|
|a Premium collection: 2022
|